| 000 | 01522nam a2200409 a 4500 | ||
|---|---|---|---|
| 001 | ebr10161307 | ||
| 003 | CaPaEBR | ||
| 006 | m u | ||
| 007 | cr cn||||||||| | ||
| 008 | 060920s2006 enk sb 001 0 eng d | ||
| 010 | _z 2006299012 | ||
| 015 |
_aGBA582900 _2bnb |
||
| 016 | 7 |
_z013302327 _2Uk |
|
| 016 | 7 |
_z013210059 _2Uk |
|
| 020 | _z9780335224500 | ||
| 020 | _z9780335202768 (hbk.) | ||
| 020 | _z0335202764 (hbk.) | ||
| 020 | _z9780335202751 (pbk.) | ||
| 020 | _z0335202756 (pbk.) | ||
| 040 |
_aCaPaEBR _cCaPaEBR |
||
| 035 | _a(OCoLC)277199446 | ||
| 050 | 1 | 4 |
_aPN145 _b.C324 2006eb |
| 082 | 0 | 4 |
_a808/.02 _222 |
| 100 | 1 | _aCanter, David V. | |
| 245 | 1 | 0 |
_aBecoming an author _h[electronic resource] : _badvice for academics and other professionals / _cDavid Canter and Gavin Fairbairn. |
| 260 |
_aMaidenhead, Berkshire, England ; _aNew York, N.Y. : _bOpen University Press, _c2006. |
||
| 300 | _axii, 210 p. | ||
| 504 | _aIncludes bibliographical references (p. [200]-202) and index. | ||
| 533 |
_aElectronic reproduction. _bPalo Alto, Calif. : _cebrary, _d2013. _nAvailable via World Wide Web. _nAccess may be limited to ebrary affiliated libraries. |
||
| 650 | 0 | _aAuthorship. | |
| 650 | 0 | _aAcademic writing. | |
| 650 | 0 | _aAuthors and publishers. | |
| 655 | 7 |
_aElectronic books. _2local |
|
| 700 | 1 | _aFairbairn, Gavin. | |
| 710 | 2 | _aebrary, Inc. | |
| 856 | 4 | 0 |
_uhttp://site.ebrary.com/lib/rucke/Doc?id=10161307 _zAn electronic book accessible through the World Wide Web; click to view |
| 999 |
_c132572 _d132572 |
||